Gender mainstreaming policy and strategy in the fisheries sector (Record no. 9211)
[ view plain ]
| 000 -LEADER | |
|---|---|
| fixed length control field | 00271nam a22001097a 4500 |
| 040 ## - CATALOGING SOURCE | |
| Transcribing agency | SK |
| 082 ## - DEWEY DECIMAL CLASSIFICATION NUMBER | |
| Classification number | 123 |
| 100 ## - MAIN ENTRY--AUTHOR NAME | |
| Personal name | FISHERIES ADMINISTRATION |
| 245 ## - TITLE STATEMENT | |
| Title | Gender mainstreaming policy and strategy in the fisheries sector |
| 260 ## - PUBLICATION, DISTRIBUTION, ETC. (IMPRINT) | |
| Place of publication | Phnom Penh |
| Name of publisher | FIS |
| Year of publication | 2007 |
| 942 ## - ADDED ENTRY ELEMENTS (KOHA) | |
| Koha item type | សៀវភៅភាសាអង់គ្លេស |
| 952 ## - LOCATION AND ITEM INFORMATION (KOHA) | |
| Withdrawn status [LOCAL, KOHA] | 0 |
| 952 ## - LOCATION AND ITEM INFORMATION (KOHA) | |
| Withdrawn status [LOCAL, KOHA] | 0 |
| Permanent Location | Date acquired | Koha item type | Lost status | Shelving location | Barcode | Current Location | Full call number |
|---|---|---|---|---|---|---|---|
| Library Block B | 2016-08-26 | សៀវភៅភាសាអង់គ្លេស | C022 | RUA042481 | Library Block B | 123 FIS 2007 C022 | |
| Library Block B | 2016-08-26 | សៀវភៅភាសាអង់គ្លេស | C185 | RUA43977 | Library Block B | 123 FIS 2007 C185 |